000 00535cam a2200217ua 4500
020 _a0-08-028853-7
_c19.00
041 _aeng
_h
082 _a631.53
_bMAY/GE
100 _aMayer, A M .
245 _aThe germination of seeds /
_cA M Mayer.
_hTextual Documents
250 _a3 /
_b.
260 _aOxford :
_bPergamon Press ,
_c1982.
300 _a211 ; .
365 _a19.00
500 _a** Reference
504 _a
700 1 _aPoljakoof-Mayber, A .
942 _cBK
999 _c7308
_d7308